000 00535nmm a2200157Ia 4500
008 251105s9999||||xx |||||||||||||||||und||
020 _a9789875912076
041 _aspa
100 _aTanodi, Branka
245 0 _aAproximaciones a las fuentes históricas de Córdoba Colonial :
_b Paleografía y diplomática
264 _a[Buenos Aires, Argentina] :
_bEditorial Brujas,
_c2016
300 _a204 páginas
650 _aHistory of the Americas: Latin America
856 _uhttps://public.digitaliapublishing.com/a/44344
942 _cCF
999 _c97454
_d97454